Giáo trình kế toán kinh doanh xuất nhập khẩu (Dùng trong các trường THCN)
Nội dung bao gồm 9 chương trình bày phương pháp hạch toán kế toán kinh doanh xuất nhập khẩu.
Sparad:
| Huvudupphovsman: | |
|---|---|
| Materialtyp: | Bok |
| Språk: | Undetermined |
| Publicerad: |
Hà Nội
Nhà xuất bản Hà Nội
2007
|
| Ämnen: | |
| Taggar: |
Lägg till en tagg
Inga taggar, Lägg till första taggen!
|
| Thư viện lưu trữ: | Trung tâm Học liệu Trường Đại học Cần Thơ |
|---|
| LEADER | 00836nam a2200229Ia 4500 | ||
|---|---|---|---|
| 001 | CTU_142657 | ||
| 008 | 210402s9999 xx 000 0 und d | ||
| 020 | |c 43000 | ||
| 082 | |a 657.8 | ||
| 082 | |b L462 | ||
| 100 | |a Nguyễn, Thị Lợi | ||
| 245 | 0 | |a Giáo trình kế toán kinh doanh xuất nhập khẩu | |
| 245 | 0 | |b (Dùng trong các trường THCN) | |
| 245 | 0 | |c Nguyễn Thị Lợi | |
| 260 | |a Hà Nội | ||
| 260 | |b Nhà xuất bản Hà Nội | ||
| 260 | |c 2007 | ||
| 520 | |a Nội dung bao gồm 9 chương trình bày phương pháp hạch toán kế toán kinh doanh xuất nhập khẩu. | ||
| 650 | |a Business,Thương mại | ||
| 650 | |x Accounting,Kế toán | ||
| 904 | |i Duy Bằng | ||
| 980 | |a Trung tâm Học liệu Trường Đại học Cần Thơ | ||